|
|
|
|
| LEADER |
00699cam a2200217 7i4500 |
| 001 |
0000046004 |
| 005 |
20130411090000.0 |
| 020 |
|
|
|a 9789833603992
|
| 020 |
|
|
|a 9833603998 (pbk.)
|
| 090 |
0 |
0 |
|a QP376
|b .K37 2007
|
| 100 |
1 |
|
|a Kartawiria, Rajendra
|
| 245 |
1 |
0 |
|a 12 langkah membentuk manusia cerdas
|c Rajendra Kartawiria.
|
| 260 |
|
|
|a Batu Caves, Selangor:
|b PTS Millennia,
|c 2007.
|
| 300 |
|
|
|a ix, 207 p.:
|b ill.;
|c 22 cm.
|
| 490 |
0 |
|
|a Siri Islam moden
|
| 650 |
0 |
0 |
|a Brain --
|x Evolution
|
| 650 |
0 |
0 |
|a Body, Human
|
| 650 |
0 |
0 |
|a Learning, Psychology of
|
| 650 |
0 |
0 |
|a Brain
|
| 999 |
|
|
|a 0000055477
|b BOK
|c OPEN SHELF
|e 1st Floor, Bestari Jaya
|
| 999 |
|
|
|a 0000055478
|b BOK
|c OPEN SHELF
|e 1st Floor, Shah Alam
|